[Event "World Rapid Women 2021"]
[Site "Warsaw POL"]
[Date "2021.12.26"]
[Round "2.33"]
[White "Efroimski, Marsel"]
[Black "Wikar, Martyna"]
[Result "1-0"]
[WhiteTitle "IM"]
[BlackTitle "WFM"]
[WhiteElo "2429"]
[BlackElo "2168"]
[WhiteFideId "2810964"]
[BlackFideId "21807663"]
[EventDate "2021.12.26"]

1. e4 c5 2. Nf3 Nc6 3. d4 cxd4 4. Nxd4 e5 5. Nb5 d6 6. N1c3 a6 7. Na3 Be6 8. Nc4
Rb8 9. Ne3 Nf6 10. Bd3 g6 11. Ned5 Bxd5 12. exd5 Ne7 13. Bg5 Bg7 14. Qf3 Nd7 15.
Ne4 Qc7 16. Bxe7 Kxe7 17. g4 Qa5+ 18. c3 Rhf8 19. Qh3 h6 20. Qh4+ Nf6 21. g5
hxg5 22. Qxg5 Rh8 23. f4 Rh5 24. Qg2 Qxd5 25. O-O-O Nxe4 26. Bxe4 Qxa2 27. Bxg6
Qa1+ 28. Kc2 Qa4+ 29. Kb1 Rh6 30. Bc2 Qxf4 31. Qxg7 Qf6 32. Qg2 Rh4 33. Rhf1 Rf4
34. Rxf4 Qxf4 35. Rf1 Qh6 36. Qd5 Qe6 37. Qg2 Qh6 38. Qf2 Rf8 39. Qb6 1-0

[Event "World Rapid Women 2021"]
[Site "Warsaw POL"]
[Date "2021.12.26"]
[Round "2.34"]
[White "Loskutova, Viktoriya"]
[Black "Abdumalik, Zhansaya"]
[Result "1-0"]
[WhiteTitle "WFM"]
[BlackTitle "GM"]
[WhiteElo "2100"]
[BlackElo "2491"]
[WhiteFideId "34166278"]
[BlackFideId "13703544"]
[EventDate "2021.12.26"]

1. e4 e5 2. Nf3 Nc6 3. Bb5 a6 4. Ba4 Nf6 5. O-O Be7 6. Re1 b5 7. Bb3 O-O 8. c3
d5 9. exd5 Nxd5 10. Nxe5 Nxe5 11. Rxe5 c6 12. d3 Bd6 13. Re1 Bf5 14. Nd2 Bxd3
15. Nf3 Bg6 16. a4 b4 17. Nd4 Qc7 18. Nxc6 Nf6 19. Nxb4 Bxh2+ 20. Kh1 Bh5 21.
Nd5 Bxd1 22. Nxc7 Bxb3 23. Nxa8 Bd6 24. Nb6 Ng4 25. Be3 Nxe3 26. Rxe3 Bc5 27.
Nd7 Bxe3 28. Nxf8 Bxf2 29. Nd7 h5 30. Nb8 a5 31. Nc6 g5 32. Nxa5 Bd5 33. Rd1 Be4
34. Rd2 Bg3 35. Nc4 h4 36. Kg1 Bf4 37. Rd4 f5 38. a5 Kg7 39. a6 Bb8 40. Rd7+ Kf6
41. a7 Bg3 42. Rd8 1-0

[Event "World Rapid Women 2021"]
[Site "Warsaw POL"]
[Date "2021.12.26"]
[Round "2.35"]
[White "Javakhishvili, Lela"]
[Black "Yakimova, Mariya"]
[Result "0-1"]
[WhiteTitle "IM"]
[BlackTitle "WFM"]
[WhiteElo "2479"]
[BlackElo "2198"]
[WhiteFideId "13601458"]
[BlackFideId "34188859"]
[EventDate "2021.12.26"]

1. d4 Nf6 2. c4 g6 3. g3 Bg7 4. Bg2 O-O 5. Nc3 d6 6. Nf3 Nc6 7. O-O a6 8. Bf4
Rb8 9. Rc1 h6 10. h3 Bf5 11. d5 Na5 12. Nd2 c5 13. e4 Bd7 14. g4 e5 15. dxe6
Bxe6 16. e5 dxe5 17. Bxe5 Rc8 18. b3 Nc6 19. Bg3 h5 20. g5 Nh7 21. Nde4 Nd4 22.
Nd6 h4 23. Nxb7 Qxg5 24. Ne4 Qxc1 25. Qxc1 Ne2+ 26. Kh1 Nxc1 27. Bd6 Nd3 28.
Bxf8 Bxf8 29. Rd1 Nf4 30. Ned6 Bxd6 31. Rxd6 Nxg2 32. Kxg2 Rc7 33. Rd8+ Nf8 34.
Rb8 Kg7 35. Nd6 Bd7 36. f3 Ne6 37. Ra8 Rc6 38. Ne4 Nf4+ 39. Kh2 Bxh3 40. Ra7 Be6
41. Ng5 Kf6 42. Ne4+ Ke5 43. a4 f5 44. Ng5 Rd6 45. a5 Rd2+ 46. Kh1 Ne2 47. f4+
Kxf4 48. Nxe6+ Kg3 0-1

[Event "World Rapid Women 2021"]
[Site "Warsaw POL"]
[Date "2021.12.26"]
[Round "2.36"]
[White "Danielian, Elina"]
[Black "Smirnova, Ekaterina"]
[Result "1/2-1/2"]
[WhiteTitle "GM"]
[BlackTitle "WIM"]
[WhiteElo "2441"]
[BlackElo "2196"]
[WhiteFideId "13300210"]
[BlackFideId "4110943"]
[EventDate "2021.12.26"]

1. d4 d5 2. Nf3 Nf6 3. c4 c6 4. e3 Bg4 5. Nc3 e6 6. h3 Bh5 7. g4 Bg6 8. Ne5 Nbd7
9. h4 dxc4 10. Nxc4 h5 11. g5 Nd5 12. Bd3 Bxd3 13. Qxd3 Nxc3 14. bxc3 Nc5 15.
Qe2 Ne4 16. Ne5 Bd6 17. Qf3 Bxe5 18. Qxe4 Bd6 19. g6 Qf6 20. Rg1 O-O-O 21. gxf7
Qxf7 22. Bd2 Rhf8 23. Rg2 e5 24. dxe5 Rde8 25. Qg6 Bxe5 26. Qxf7 Rxf7 27. Ke2
Bf6 28. Rag1 Re4 29. f3 Rxh4 30. f4 Re7 31. Kd3 Rh3 32. c4 h4 33. a4 Rf3 34. Rg4
Rh3 35. R1g2 a6 36. Rg6 Rh1 37. Bb4 Rd7+ 38. Ke4 h3 39. Rg1 Rxg1 40. Rxg1 Rd8
41. Rh1 Rh8 42. Kf3 Kd7 43. e4 h2 44. Kg3 Ke6 45. Rxh2 Rxh2 46. Kxh2 Bb2 47. Kg3
g6 48. Kg4 Bc1 49. Bc3 b5 50. cxb5 cxb5 51. axb5 axb5 52. f5+ gxf5+ 53. exf5+
Kf7 1/2-1/2

[Event "World Rapid Women 2021"]
[Site "Warsaw POL"]
[Date "2021.12.26"]
[Round "2.37"]
[White "Berend, Elvira"]
[Black "Utiatskaja, Irina"]
[Result "1-0"]
[WhiteTitle "WGM"]
[BlackTitle "WIM"]
[WhiteElo "2329"]
[BlackElo "2184"]
[WhiteFideId "4000510"]
[BlackFideId "24140848"]
[EventDate "2021.12.26"]

1. d4 Nf6 2. Nf3 g6 3. g3 Bg7 4. Bg2 O-O 5. O-O d5 6. c3 b6 7. a4 Bb7 8. a5 c5
9. Bf4 c4 10. Na3 Nc6 11. axb6 axb6 12. Ne5 Na5 13. Rb1 Nd7 14. Qc2 Nxe5 15.
Bxe5 Bh6 16. Rbd1 f6 17. Bf4 Bxf4 18. gxf4 Kg7 19. e4 Nb3 20. Rfe1 e6 21. f5
exf5 22. exf5 Qd7 23. Re6 b5 24. Rde1 Rf7 25. Bh3 g5 26. Bg4 b4 27. Nb1 Qa4 28.
Qe2 Bc8 29. Re7 Ra7 30. Rxf7+ Kxf7 31. Qe3 Kg7 32. cxb4 Na1 33. Nc3 Nc2 34. Qd2
Qb3 35. Bd1 Nxe1 36. Qxe1 Qxb2 37. Nxd5 Bxf5 38. Ne7 Qb1 39. Nc6 Ra1 40. Qe7+
Kg6 41. Qe8+ Kh6 42. Qf8+ 1-0

[Event "World Rapid Women 2021"]
[Site "Warsaw POL"]
[Date "2021.12.26"]
[Round "2.38"]
[White "Zawadzka, Jolanta"]
[Black "Kucharska, Honorata"]
[Result "0-1"]
[WhiteTitle "WGM"]
[BlackTitle "WFM"]
[WhiteElo "2426"]
[BlackElo "2146"]
[WhiteFideId "1122320"]
[BlackFideId "1163868"]
[EventDate "2021.12.26"]

1. e4 e6 2. d4 d5 3. Nc3 Bb4 4. e5 Qd7 5. Bd2 b6 6. Nce2 Be7 7. h4 Nc6 8. h5 Bb7
9. f4 Nh6 10. Nf3 O-O-O 11. c3 Kb8 12. Qc2 Na5 13. Ng3 Rc8 14. Be3 Ng4 15. Bg1
f6 16. O-O-O f5 17. Bd3 g6 18. Qe2 c5 19. dxc5 bxc5 20. Kb1 Qa4 21. Qd2 d4 22.
cxd4 c4 23. Bc2 Qb5 24. Ka1 Nb3+ 25. Bxb3 cxb3 26. Ne1 Qa4 27. a3 Bxa3 28. bxa3
Qxa3+ 29. Kb1 Rc2 30. Qxc2 bxc2+ 31. Nxc2 Qb3+ 32. Kc1 Rc8 33. Rd2 Qxg3 0-1

[Event "World Rapid Women 2021"]
[Site "Warsaw POL"]
[Date "2021.12.26"]
[Round "2.39"]
[White "Efimenko, Maria"]
[Black "Nur-Mukhametova, Alisa"]
[Result "0-1"]
[WhiteTitle "WIM"]
[WhiteElo "2245"]
[BlackElo "2225"]
[WhiteFideId "14124327"]
[BlackFideId "54117739"]
[EventDate "2021.12.26"]

1. e4 c5 2. c3 Nf6 3. e5 Nd5 4. d4 cxd4 5. cxd4 d6 6. Nf3 Nc6 7. Bc4 dxe5 8.
dxe5 Ndb4 9. Qb3 e6 10. O-O Na5 11. Bb5+ Bd7 12. Qa4 Bxb5 13. Qxb5+ Nac6 14. Bg5
Qd5 15. Nc3 Qxb5 16. Nxb5 Rc8 17. Rfd1 h6 18. Bh4 Nd5 19. Rac1 a6 20. Nbd4 g5
21. Bg3 Be7 22. h4 g4 23. Nd2 Kd7 24. Nc4 Nxd4 25. Rxd4 Bc5 26. Rdd1 b5 27. Nd2
Bd4 28. Rxc8 Rxc8 29. Ne4 Bxb2 30. Nf6+ Kc6 31. Nxg4 h5 32. Nh2 Nc3 33. Rd2 Ba3
34. Rc2 Kb7 35. Nf3 Ne4 36. Rxc8 Kxc8 37. Nd4 Nxg3 38. fxg3 Bc5 0-1

[Event "World Rapid Women 2021"]
[Site "Warsaw POL"]
[Date "2021.12.26"]
[Round "2.40"]
[White "Garifullina, Leya"]
[Black "Malicka, Maria"]
[Result "1-0"]
[WhiteTitle "WGM"]
[BlackTitle "FM"]
[WhiteElo "2414"]
[BlackElo "2307"]
[WhiteFideId "34127035"]
[BlackFideId "1197576"]
[EventDate "2021.12.26"]

1. e4 c6 2. d4 d5 3. e5 c5 4. dxc5 e6 5. Nf3 Bxc5 6. a3 Ne7 7. b4 Bb6 8. Bb2 a5
9. b5 a4 10. Bd3 Nd7 11. O-O Nc5 12. Bd4 Nxd3 13. Qxd3 Nf5 14. Bxb6 Qxb6 15. c4
dxc4 16. Qxc4 Bd7 17. Nc3 O-O 18. Qb4 Rfc8 19. Nxa4 Qa7 20. Nb2 Qc5 21. Qxc5
Rxc5 22. a4 Rc2 23. Rab1 Kf8 24. Rfd1 Ke7 25. g4 Nh6 26. Rd4 f6 27. Nc4 Rxa4 28.
Rxd7+ Ke8 29. Nb6 Rxg4+ 30. Kf1 Rf4 31. Ra1 Rc8 32. Rxg7 Rd8 33. Kg2 fxe5 34.
Nxe5 Rf5 35. Nbc4 1-0

[Event "World Rapid Women 2021"]
[Site "Warsaw POL"]
[Date "2021.12.26"]
[Round "2.41"]
[White "Socko, Monika"]
[Black "Jarocka, Liwia"]
[Result "1-0"]
[WhiteTitle "GM"]
[BlackTitle "FM"]
[WhiteElo "2393"]
[BlackElo "2006"]
[WhiteFideId "1106619"]
[BlackFideId "21807558"]
[EventDate "2021.12.26"]

1. d4 Nf6 2. c4 e6 3. Nf3 d5 4. Nc3 dxc4 5. e3 a6 6. a4 Be7 7. Bxc4 O-O 8. O-O
b6 9. e4 Bb7 10. Qe2 c5 11. e5 Nd5 12. Rd1 Nxc3 13. bxc3 Qc8 14. Bd3 Nc6 15. Bg5
h6 16. Qe4 g6 17. Bxh6 Nxd4 18. Qg4 Bxf3 19. gxf3 Nf5 20. Bxf8 Bxf8 21. Bxf5
exf5 22. Qc4 Qe8 23. Qd5 Rb8 24. Rd3 Qe7 25. Re1 Re8 26. Qc6 Bg7 27. Kh1 Kf8 28.
Qxb6 Qh4 29. Qxc5+ Kg8 30. e6 fxe6 31. Qc6 Re7 32. Rxe6 Qxf2 33. Rd1 Rc7 34.
Qe8+ Bf8 35. Rxg6+ Kh7 36. Rg2 Qxf3 37. Qg6+ Kh8 38. Qg8# 1-0

[Event "World Rapid Women 2021"]
[Site "Warsaw POL"]
[Date "2021.12.26"]
[Round "2.42"]
[White "Dworakowska, Joanna"]
[Black "Kazarian, Anna-Maja"]
[Result "0-1"]
[WhiteTitle "IM"]
[BlackTitle "FM"]
[WhiteElo "2321"]
[BlackElo "2138"]
[WhiteFideId "1107445"]
[BlackFideId "1033689"]
[EventDate "2021.12.26"]

1. e4 e6 2. d4 d5 3. e5 c5 4. c3 Bd7 5. Nf3 Qb6 6. Bd3 Bb5 7. O-O Bxd3 8. Qxd3
Nc6 9. Na3 c4 10. Qe2 Bxa3 11. bxa3 Qa5 12. Qc2 b5 13. Ng5 h6 14. Nh3 Nge7 15.
Nf4 g6 16. h4 O-O-O 17. h5 g5 18. Ne2 Nf5 19. g4 Nh4 20. Kh2 f6 21. exf6 Rdf8
22. f4 Rxf6 23. Kh3 Rhf8 24. Rb1 a6 25. a4 Qxa4 26. Qxa4 bxa4 27. Ba3 R8f7 28.
Rb6 e5 29. Rxc6+ Rxc6 30. dxe5 Rb6 31. Nd4 Rxf4 32. Rxf4 gxf4 33. Kxh4 Rb1 34.
Kh3 Ra1 35. g5 hxg5 36. e6 Rxa2 37. h6 Rxa3 38. h7 Rxc3+ 39. Kg4 Rg3+ 40. Kf5
Rh3 41. Kg6 a3 42. Nf5 a2 43. Nh6 a1=Q 0-1

[Event "World Rapid Women 2021"]
[Site "Warsaw POL"]
[Date "2021.12.26"]
[Round "2.43"]
[White "Parol, Pola"]
[Black "Doluhanova, Evgeniya"]
[Result "0-1"]
[WhiteTitle "WFM"]
[BlackTitle "WGM"]
[WhiteElo "2067"]
[BlackElo "2264"]
[WhiteFideId "1163116"]
[BlackFideId "14112035"]
[EventDate "2021.12.26"]

1. e4 e5 2. Nf3 Nc6 3. Bb5 Nf6 4. O-O Nxe4 5. d4 Nd6 6. Bxc6 dxc6 7. dxe5 Nf5 8.
Qxd8+ Kxd8 9. Ng5 Ke8 10. Nc3 Nd4 11. Bf4 Bb4 12. Bg3 Bf5 13. Rad1 Bxc3 14. bxc3
Ne2+ 15. Kh1 Nxc3 16. Rd4 h6 17. Nf3 Ne2 18. Rb4 b6 19. Rc4 c5 20. Nh4 Be6 21.
Ra4 g5 22. Nf3 Ke7 23. Re1 Nxg3+ 24. hxg3 Rhd8 25. Kg1 a5 26. a3 g4 27. Nh4 Rd2
28. c3 Rd3 29. Re3 Rxe3 30. fxe3 c4 31. e4 b5 0-1

[Event "World Rapid Women 2021"]
[Site "Warsaw POL"]
[Date "2021.12.26"]
[Round "2.44"]
[White "Maisuradze, Nino"]
[Black "Goraj, Barbara"]
[Result "1-0"]
[WhiteTitle "WGM"]
[BlackTitle "WCM"]
[WhiteElo "2202"]
[BlackElo "2044"]
[WhiteFideId "13601717"]
[BlackFideId "21816166"]
[EventDate "2021.12.26"]

1. d4 Nf6 2. c4 g6 3. Nc3 Bg7 4. e4 d6 5. f4 O-O 6. Nf3 Na6 7. Be2 e5 8. fxe5
dxe5 9. d5 Nc5 10. Bg5 h6 11. Bxf6 Qxf6 12. b4 Nd7 13. c5 a5 14. a3 Qf4 15. Rc1
axb4 16. axb4 h5 17. O-O Qe3+ 18. Kh1 Bh6 19. Rc2 c6 20. Qd3 Ra3 21. Qxe3 Bxe3
22. Bc4 Kg7 23. Re1 Bh6 24. h3 Re8 25. Rd1 cxd5 26. Bxd5 Ra6 27. Nb5 Re7 28. Nd6
Ra8 29. Nxc8 Rxc8 30. Bxb7 Rb8 31. Bc6 Nf8 32. b5 Be3 33. Rd3 Bf4 34. b6 Ne6 35.
Bd5 Nxc5 36. Rxc5 Rxb6 37. Rd1 g5 38. Nd2 Rb2 39. Nc4 Rc2 40. Rc6 Rf2 41. Nd6
Ra7 42. Nf5+ Kg8 43. Bc4 Rd2 44. Rb1 Rb2 45. Rd1 Rd2 46. Rd6 Rc2 47. Rg6+ Kh7
48. Rg7+ 1-0

[Event "World Rapid Women 2021"]
[Site "Warsaw POL"]
[Date "2021.12.26"]
[Round "2.45"]
[White "Alymbai kyzy, Aizhan"]
[Black "Sandu, Mihaela"]
[Result "1/2-1/2"]
[BlackTitle "WGM"]
[WhiteElo "1889"]
[BlackElo "2269"]
[WhiteFideId "13800043"]
[BlackFideId "1204327"]
[EventDate "2021.12.26"]

1. e4 c5 2. c3 Nf6 3. e5 Nd5 4. d4 cxd4 5. cxd4 e6 6. Nf3 d6 7. Bc4 Be7 8. O-O
O-O 9. Nc3 Nxc3 10. bxc3 Nd7 11. exd6 Bxd6 12. Bb3 Qc7 13. Qd3 Nf6 14. Bg5 Nd5
15. c4 Nf4 16. Qd2 h6 17. Bh4 Ng6 18. Bg3 b6 19. Bxd6 Qxd6 20. Qe3 Bb7 21. Rfd1
Rad8 22. Rac1 Ne7 23. Bc2 Nf5 24. Bxf5 exf5 25. d5 Rfe8 26. Qd3 f4 27. Re1 Bc8
28. Nd4 Bd7 29. Nf5 Qf6 30. Nd4 g6 31. a3 Kg7 32. Nf3 Bg4 33. Nd4 h5 34. h3 Bd7
35. Nf3 Rc8 36. Rxe8 Rxe8 37. Qd4 Qxd4 38. Nxd4 Re4 39. Nf3 Kf6 40. c5 bxc5 41.
Rxc5 g5 42. Rc7 Ba4 43. d6 g4 44. d7 Bxd7 45. Rxd7 gxf3 46. Rxa7 Re1+ 47. Kh2
Re2 48. Ra4 Kf5 49. Ra5+ Kg6 50. Kg1 Re1+ 51. Kh2 Re2 52. Kg1 Re1+ 1/2-1/2

[Event "World Rapid Women 2021"]
[Site "Warsaw POL"]
[Date "2021.12.26"]
[Round "2.46"]
[White "Dylag, Emilia"]
[Black "Mamedjarova, Zeinab"]
[Result "0-1"]
[WhiteTitle "WFM"]
[BlackTitle "WGM"]
[WhiteElo "1956"]
[BlackElo "2249"]
[WhiteFideId "21805172"]
[BlackFideId "13401521"]
[EventDate "2021.12.26"]

1. d4 d5 2. c4 dxc4 3. e4 Nc6 4. Nf3 Bg4 5. d5 Ne5 6. Bf4 Ng6 7. Be3 Nf6 8. Nc3
e5 9. Bxc4 Bd6 10. h3 Bd7 11. Qb3 b6 12. Bb5 O-O 13. Bxd7 Nxd7 14. Qc2 a6 15. g3
h6 16. h4 Ne7 17. g4 c5 18. dxc6 Nxc6 19. Rd1 Bb4 20. Kf1 Bxc3 21. Qxc3 Rc8 22.
Qa3 a5 23. g5 h5 24. Kg2 Qe8 25. Qd6 Nc5 26. Bxc5 bxc5 27. Qxc5 Qe6 28. Qe3 Qxa2
29. b3 Rb8 30. Rd6 Rxb3 31. Qc5 Rxf3 32. Rxc6 Qe2 33. Rc1 Rd3 34. Qxe5 Qf3+ 35.
Kg1 Rfd8 36. Rc8 Qg4+ 37. Kf1 Rd1+ 38. Rxd1 Qxd1+ 0-1

[Event "World Rapid Women 2021"]
[Site "Warsaw POL"]
[Date "2021.12.26"]
[Round "2.47"]
[White "Katkov, Michelle"]
[Black "Strutinskaia, Galina"]
[Result "0-1"]
[WhiteTitle "WFM"]
[BlackTitle "WGM"]
[WhiteElo "2151"]
[BlackElo "2142"]
[WhiteFideId "2816393"]
[BlackFideId "4108558"]
[EventDate "2021.12.26"]

1. e4 c5 2. c3 Nf6 3. e5 Nd5 4. d4 cxd4 5. cxd4 d6 6. Nf3 Nc6 7. Bc4 e6 8. O-O
Be7 9. exd6 Qxd6 10. Nc3 Nxc3 11. bxc3 O-O 12. Re1 Bd7 13. Bd3 Rac8 14. Ng5 f5
15. Qh5 h6 16. Nf3 Bf6 17. g3 Ne7 18. Bf4 Qc6 19. Ne5 Bxe5 20. Bxe5 Qxc3 21. Bf1
Qa3 22. Re3 Rc3 23. Rxc3 Qxc3 24. Rb1 Bc6 25. Rb3 Qc2 26. Bd6 Rf7 27. Qh4 Ng6
28. Qd8+ Kh7 29. Qc8 Qe4 0-1

[Event "World Rapid Women 2021"]
[Site "Warsaw POL"]
[Date "2021.12.26"]
[Round "2.48"]
[White "Garcia Martin, Marta"]
[Black "Smietanska, Wiktoria"]
[Result "1-0"]
[WhiteTitle "IM"]
[BlackTitle "CM"]
[WhiteElo "2325"]
[BlackElo "1910"]
[WhiteFideId "32084030"]
[BlackFideId "21869359"]
[EventDate "2021.12.26"]

1. e4 c5 2. Nc3 Nc6 3. Bb5 Nd4 4. Nf3 g6 5. Bc4 Bg7 6. Nxd4 cxd4 7. Qf3 e6 8.
Nb5 Be5 9. c3 dxc3 10. d4 cxb2 11. Bxb2 a6 12. Qa3 Bb8 13. d5 e5 14. O-O d6 15.
f4 Qb6+ 16. Kh1 Qc5 17. Qf3 axb5 18. fxe5 f6 19. exf6 Kf7 20. Bb3 Bd7 21. e5
dxe5 22. d6+ Kf8 23. f7 Nh6 24. Qf6 Bxd6 25. Qxh8+ Ke7 26. f8=Q+ 1-0

[Event "World Rapid Women 2021"]
[Site "Warsaw POL"]
[Date "2021.12.26"]
[Round "2.49"]
[White "Gaboyan, Susanna"]
[Black "Budkiewicz, Magdalena"]
[Result "1-0"]
[WhiteTitle "WIM"]
[WhiteElo "2254"]
[BlackElo "1929"]
[WhiteFideId "13303627"]
[BlackFideId "1194917"]
[EventDate "2021.12.26"]

1. Nf3 Nf6 2. g3 g6 3. Bg2 Bg7 4. O-O O-O 5. d3 d5 6. Nbd2 c5 7. e4 Nc6 8. Qe2
e6 9. c3 b6 10. e5 Nd7 11. d4 Bb7 12. h4 h5 13. Rd1 Rc8 14. Nf1 a6 15. Bg5 Qc7
16. Rac1 b5 17. Ne3 b4 18. g4 hxg4 19. Nxg4 Qa5 20. Nf6+ Nxf6 21. exf6 Bh8 22.
Ne5 Nxe5 23. dxe5 Bc6 24. h5 bxc3 25. Rxc3 d4 26. Rg3 Qb5 27. Qg4 Bxg2 28. Rxg2
Rfe8 29. hxg6 fxg6 30. Bh6 1-0

[Event "World Rapid Women 2021"]
[Site "Warsaw POL"]
[Date "2021.12.26"]
[Round "2.50"]
[White "Zabrzanska, Weronika"]
[Black "Kolaric, Spela"]
[Result "1-0"]
[BlackTitle "WFM"]
[WhiteElo "1923"]
[BlackElo "2185"]
[WhiteFideId "21825173"]
[BlackFideId "14607093"]
[EventDate "2021.12.26"]

1. e4 e5 2. Nf3 Nc6 3. Bc4 Nf6 4. d4 exd4 5. e5 d5 6. Bb5 Ne4 7. Nxd4 Bd7 8.
Bxc6 bxc6 9. O-O Bc5 10. f3 Ng5 11. f4 Ne4 12. Be3 Bb6 13. Nd2 c5 14. N4f3 Nxd2
15. Qxd2 d4 16. Bf2 O-O 17. Bh4 Qc8 18. Rad1 Qa6 19. a3 Bf5 20. Bf2 Rad8 21. Nh4
Qc8 22. h3 Bd7 23. f5 Bxf5 24. Nxf5 Qxf5 25. Bh4 Qxe5 26. Rde1 Qd5 27. Bxd8 Qxd8
28. Rf3 c4 29. Kh1 c5 30. Re5 Qd6 31. Ref5 Bc7 32. g3 Qb6 33. Qe2 f6 34. Qxc4+
Kh8 35. Rxc5 Qb7 36. Kg2 Bb6 37. Rc6 Qd7 38. Qe6 Qb7 39. b4 h6 40. Rf1 Qa6 41.
Qe7 Rg8 42. Re1 Qb5 43. Qe6 d3 44. Rc8 Rxc8 45. Qxc8+ Kh7 46. cxd3 Qxd3 47. Qe6
f5 48. a4 Bd4 49. Qe2 Qc3 50. Rf1 Be5 51. Qf3 g6 52. Qxc3 Bxc3 53. b5 Ba5 54.
Rd1 Bb6 55. Rd7+ Kg8 56. a5 Bc5 57. Rc7 Bd4 58. Rb7 g5 59. a6 1-0

[Event "World Rapid Women 2021"]
[Site "Warsaw POL"]
[Date "2021.12.26"]
[Round "3.1"]
[White "Goryachkina, Aleksandra"]
[Black "Gaponenko, Inna"]
[Result "1/2-1/2"]
[WhiteTitle "GM"]
[BlackTitle "IM"]
[WhiteElo "2610"]
[BlackElo "2347"]
[WhiteFideId "4147103"]
[BlackFideId "14101181"]
[EventDate "2021.12.26"]

1. d4 d5 2. c4 dxc4 3. e3 Nf6 4. Bxc4 e6 5. Nf3 c5 6. O-O Nc6 7. a3 a6 8. dxc5
Qxd1 9. Rxd1 Bxc5 10. b4 Be7 11. Bb2 O-O 12. Nbd2 Bd7 13. Bf1 Rfd8 14. g3 Be8
15. Bg2 Nd5 16. Nc4 b5 17. Nce5 a5 18. Nxc6 Bxc6 19. Nd4 Be8 20. bxa5 Rxa5 21.
Nb3 Ra4 22. Bxd5 Rxd5 23. Rxd5 exd5 24. Nd4 b4 25. axb4 Rxa1+ 26. Bxa1 Bxb4 27.
Kg2 f6 28. g4 Kf7 29. Ne2 Bb5 30. Ng3 g6 31. Bd4 Bd7 32. h3 Bd6 33. f4 Bc7 34.
Kf3 h5 35. gxh5 Bxh3 36. hxg6+ Kxg6 37. Ne2 Bc8 38. Nc3 Bb7 39. Kf2 Bb8 40. Kg3
Bc7 41. Nb5 Bb8 42. Bc5 Bc8 43. Nd4 Bc7 44. Nf3 Kf5 45. Bd4 Bd8 46. Kf2 Bd7 47.
Nd2 Ba4 48. Nf1 Bc2 49. Ng3+ Kg6 50. Ke2 Ba5 51. Kf2 Bd3 52. Kf3 Be1 53. Kg2
Bxg3 54. Kxg3 1/2-1/2

[Event "World Rapid Women 2021"]
[Site "Warsaw POL"]
[Date "2021.12.26"]
[Round "3.2"]
[White "Zatonskih, Anna"]
[Black "Kosteniuk, Alexandra"]
[Result "0-1"]
[WhiteTitle "IM"]
[BlackTitle "GM"]
[WhiteElo "2403"]
[BlackElo "2516"]
[WhiteFideId "14101572"]
[BlackFideId "4128125"]
[EventDate "2021.12.26"]

1. d4 Nf6 2. c4 e6 3. Nc3 Bb4 4. Qc2 c5 5. dxc5 O-O 6. Nf3 Na6 7. g3 Nxc5 8. Bg2
Nce4 9. O-O Bxc3 10. bxc3 Qc7 11. Nd4 d5 12. cxd5 exd5 13. Ba3 Re8 14. Rac1 Qc4
15. Rfd1 Ng4 16. Qb3 Ngxf2 17. Qxc4 dxc4 18. Rf1 Nh3+ 19. Bxh3 Bxh3 20. Rfd1 a6
21. Nf3 f6 22. Nd2 b5 23. Nxe4 Rxe4 24. Rd2 Rae8 25. Kf2 Bg4 26. Rcc2 g5 27. Bc5
Kf7 28. e3 R4e5 29. Bb6 Bf5 30. Rb2 Bd3 31. Kg1 f5 32. Bd4 Rd5 33. h4 gxh4 34.
Rh2 Rxd4 35. exd4 hxg3 36. Rxh7+ Kg6 37. Ra7 f4 38. Kg2 Be4+ 39. Kh3 Rh8+ 40.
Kg4 g2 41. Rxa6+ Kf7 42. Rxg2 Bxg2 43. Kxf4 Rh3 44. Rb6 Rxc3 45. Rxb5 Ra3 46.
Rc5 Bf1 47. Ke5 Ke7 48. Rc7+ Kd8 49. Rf7 Bg2 50. Rf8+ Kc7 51. Rf7+ Kc6 52. Rf6+
Kb5 53. Rf2 Re3+ 54. Kd6 Bf3 55. Rb2+ Ka4 56. Kc5 c3 57. Rb6 Ka3 0-1

[Event "World Rapid Women 2021"]
[Site "Warsaw POL"]
[Date "2021.12.26"]
[Round "3.3"]
[White "Mamedjarova, Turkan"]
[Black "Gunina, Valentina"]
[Result "0-1"]
[WhiteTitle "WGM"]
[BlackTitle "GM"]
[WhiteElo "2264"]
[BlackElo "2471"]
[WhiteFideId "13402005"]
[BlackFideId "4167570"]
[EventDate "2021.12.26"]

1. d4 d5 2. c4 c6 3. cxd5 cxd5 4. Nc3 Nf6 5. Nf3 Nc6 6. e3 a6 7. Bd3 Bg4 8. O-O
e6 9. h3 Bh5 10. Be2 Bd6 11. b3 O-O 12. Bb2 Rc8 13. Rc1 Bb8 14. Na4 Ne4 15. Ne5
Nxe5 16. Rxc8 Qxc8 17. dxe5 Bg6 18. Qd4 f6 19. Rc1 Qd7 20. Nb6 Qf7 21. exf6 Nxf6
22. Qh4 Ne4 23. Rc8 Rxc8 24. Nxc8 Qc7 25. g3 Qxc8 26. Qe7 Bf7 27. Bh5 Qf8 28.
Bxf7+ Qxf7 0-1

[Event "World Rapid Women 2021"]
[Site "Warsaw POL"]
[Date "2021.12.26"]
[Round "3.4"]
[White "Buksa, Nataliya"]
[Black "Dzagnidze, Nana"]
[Result "1/2-1/2"]
[WhiteTitle "IM"]
[BlackTitle "GM"]
[WhiteElo "2401"]
[BlackElo "2531"]
[WhiteFideId "14123622"]
[BlackFideId "13601903"]
[EventDate "2021.12.26"]

1. e4 c5 2. Nf3 d6 3. Bb5+ Nd7 4. a4 Nf6 5. Nc3 e6 6. O-O Be7 7. d4 cxd4 8. Qxd4
O-O 9. Rd1 Qc7 10. a5 a6 11. Be2 Ne5 12. Nxe5 dxe5 13. Qc4 Qxc4 14. Bxc4 Bd7 15.
Be3 Rac8 16. Bd3 Bc5 17. Bxc5 Rxc5 18. f3 Rfc8 19. Kf2 Kf8 20. Ke3 Ke7 21. Ra3
Ne8 22. Ne2 Nd6 23. b3 f5 24. c4 Be8 25. h3 g5 26. Ra2 h5 27. Kf2 fxe4 28. fxe4
Bg6 29. Ke3 Rf8 30. Raa1 h4 31. Rdc1 Bh5 32. b4 Rc7 33. c5 Nc8 34. c6 Bxe2 35.
Bxe2 Nd6 36. Rc5 Rxc6 37. Rxc6 bxc6 38. Bxa6 Kd7 39. Bd3 Rb8 40. a6 Kc7 41. a7
Ra8 42. Kf3 Kb7 43. Kg4 Nf7 44. Kh5 Rxa7 45. Rxa7+ Kxa7 46. Kg6 Nd6 47. Kxg5 Kb6
48. Kf6 c5 49. bxc5+ Kxc5 50. Kxe5 Ne8 51. Bb1 Nc7 52. Ba2 Kb4 53. Bxe6 Kc3 54.
Bd5 Kd3 55. Kf4 Kd4 56. Bb7 Ne6+ 57. Kf5 Nc5 58. Ba8 Nd3 59. Kg4 Ne1 60. Kxh4
Nxg2+ 61. Kg5 Ke5 62. h4 Nf4 63. Bd5 Nh3+ 64. Kg6 Nf4+ 65. Kg7 Nh5+ 66. Kf7 Kf4
67. Bc6 Kg4 68. e5 Nf4 69. Kf6 Kxh4 70. Kf5 Kg3 71. Bb7 Nh5 72. Kg5 Nf4 73. Kf5
Nh5 74. Bd5 Nf4 75. Bc6 Nh5 76. Kg5 Nf4 77. Bd7 Kf3 78. Bf5 Ke3 79. Bb1 Ne6+ 80.
Kf6 Nc5 81. Ke7 Kd4 82. Kd6 Nb7+ 83. Ke6 Nc5+ 84. Kf5 Kd5 85. Bc2 Kc6 86. Kg6
Kd5 87. Kf5 Kc6 88. Bb1 Kd5 89. Ba2+ Kd4 90. Bf7 Ke3 91. Be8 Kd4 92. Bc6 Ke3 93.
Kg5 Ne6+ 94. Kf6 Nd4 95. Bd5 Kf4 96. Bc4 Ke4 97. Ba2 Kf4 98. Bb1 Ke3 99. Bf5 Kf4
100. Bh3 Ke4 101. Bg2+ Ke3 102. Kg5 Ne6+ 103. Kf5 Nd4+ 104. Kf6 Kf4 105. Bd5 Kg4
106. Ke7 Kf5 107. Kd6 Nb5+ 1/2-1/2